000 01534cam a2200361 i 4500
020 _a9784924971387
020 _a4924971383
040 _cLWU
041 1 _hjpn
082 0 4 _a306 INT 2014 A066 Or.
100 1 _aMiura, Atsushi,
245 1 4 _aThe rise of sharing :
_bfourth-stage consumer society in Japan /
250 _a1st English edition
300 _axxiv, 350 pages :
_billustrations ;
_c24 cm.
490 1 _aLTCB international library selection ;
500 _a"LTCB International Library Trust/International House of Japan."
500 _aTranslation of: Daiyon no shōhi : tsunagari o umidasu shakai e.
520 _aMiura Atsushi draws on more than three decades of experience on the front lines of Japanese marketing research to track the four stages Japan's consumer society has traversed since th turn of the century to th present. Looking forward, he both documents the emergence of a new sharing society in Japan, and offers survival strategies for business in a people-centric, post-materialist economy.
650 0 _aConsumption (Economics)
650 0 _aConsumption (Economics)
650 0 _aConsumer behavior
650 7 _aConsumer behavior.
650 7 _aConsumption (Economics)
650 7 _aConsumption (Economics)
650 7 _aEconomic history.
650 7 _aKonsumgesellschaft.
650 7 _aVerbraucherverhalten.
650 7 _aTeilen.
700 1 _aLewis, Dana
710 2 _aLTCB International Library Trust.
710 2 _aKokusai Bunka Kaikan (Tokyo, Japan)
942 _cEK
999 _c14237
_d14237